El maravilloso mundo de la música (Record no. 113992)

MARC details
000 -LEADER
campo de control de longitud fija 00749nam a2200205 4500
001 - NÚMERO DE CONTROL
campo de control 113992
003 - IDENTIFICADOR DE NÚMERO DE CONTROL
campo de control ES-MaACL
007 - CAMPO FIJO DE DESCRIPCIÓN FÍSICA--INFORMACIÓN GENERAL
campo de control de longitud fija t|
008 - DATOS DE LONGITUD FIJA--INFORMACIÓN GENERAL
campo de control de longitud fija 061121s1984 sp r ||||1| spa d
020 ## - NÚMERO INTERNACIONAL ESTÁNDAR DEL LIBRO
Número Internacional Estándar del Libro 84-206-0074-1
100 1# - ENTRADA PRINCIPAL--NOMBRE DE PERSONA
Nombre de persona Pahlen, Kurt.
9 (RLIN) 88315
245 13 - MENCIÓN DEL TÍTULO
Título El maravilloso mundo de la música
Resto del título : un maravilloso viaje de descubrimientos al mundo musical /
Mención de responsabilidad, etc. Kurt Pahlen ; [traductor Angel Fernando Mayo Antoñanzas].
260 ## - PUBLICACIÓN, DISTRIBUCIÓN, ETC.
Lugar de publicación, distribución, etc. Madrid :
Nombre del editor, distribuidor, etc. Alianza,
Fecha de publicación, distribución, etc. D. L. 1984.
300 ## - DESCRIPCIÓN FÍSICA
Extensión 301 p. :
Otras características físicas il ;
Dimensiones 18 cm.
490 1# - MENCIÓN DE SERIE
Mención de serie El Libro de bolsillo. Sección artes
700 1# - ENTRADA AGREGADA--NOMBRE PERSONAL
Nombre de persona Mayo Antoñanzas, Angel Fernando.
9 (RLIN) 79396
830 03 - PUNTO DE ACCESO ADICIONAL DE SERIE-TÍTULO UNIFORME
Título uniforme El libro de bolsillo.
Nombre de parte o sección de la obra Arte
9 (RLIN) 182950
852 ## - LOCALIZACIÓN
Ubicación ES-MaACL
Número de control de estantería L-8204
Sublocalización o colección R.108467
Holdings
Estatus retirado Estado de pérdida Estado de daño No para préstamo Biblioteca de origen Biblioteca actual Ubicación en estantería Fecha de adquisición Fuente de adquisición Total de préstamos Signatura topográfica completa Código de barras Visto por última vez Precio de reemplazo Tipo de ítem Koha
        Biblioteca del Ateneo de Madrid Biblioteca del Ateneo de Madrid Depósito 2 17/01/2008     L-8204 1118881 23/02/2023 23/02/2023 Libro impreso